01384nam a2200241Ia 4500001000600000003000900006008004100015040001300056040001300069041001300082100001600095100002900111245001800140245001800158250001100176260001000187260001300197260004900210300005700259500077000316650002501086650003101111C5807IT-RoPAU130308s9999 xx 000 0 und d aIT-RoPAU cIT-RoPAU aFRANCESE aMaurel Anne gCodice Aut. SPICS: 41854 aCritique (La) bCritique (La) a1a ed. aPARIS bHachette c1994 [1° Ed.:1994 - Ed.Ling.Originale:1994] a"156 p. (prefazione: no ; testo: 156 [pagine: 0-0])" aSituazione della Critica Letteraria: Critica e Letteratura, Critica e Lettura. a fianco dell'Autore: Critica Storica: Principi della Storia Letteraria, forme e Metodi della Storia Letteraria Tradizionale, Redifinizione Dellastoria Letteraria. Ermeneutiche: Critica Psicanalitica, sociologica e Tematica. a fianco dell'Opera: Critica Strutturale: Fondamenti Estetici della Critica Strutturale, Stilistica, Poetica e Semiotica, Poetica della Poesia, Analisi Strutturale del Racconto. Critica Testuale: genealogia della nozione di testo , testo nella Lingua, testo e Intertesto. a fianco del Lettore: Storia dei Lettori, Problema dell'interpretazione delle Opere, Analisi Formale e Teoria della Lettura, testo analisi e Pragmatica. Bibliografia Selettiva. Glossario. aSAGGI DI LINGUISTICA eCodice materia Spics: 3207